Kontrolované zahraničné spoločnosti v príkladoch
S účinnosťou od 1. januára 2022 bol do slovenského právneho poriadku zakotvený nový vecný a osobný rozsah pravidiel pre kontrolované zahraničné spoločnosti (režim kontrolovaných zahraničných spoločností vo všeobecnosti známy aj ako „CFC pravidlá"). Niektoré praktické aspekty uplatňovania CFC pravidi...
Guardado en:
| Autor principal: | |
|---|---|
| Formato: | Capítulo de libro |
| Lenguaje: | eslovaco |
| Materias: | |
| Etiquetas: |
Sin Etiquetas, Sea el primero en etiquetar este registro!
|
MARC
| LEADER | 00000naa a2200000 4500 | ||
|---|---|---|---|
| 001 | 0278778 | ||
| 005 | 20210929074908.7 | ||
| 041 | 0 | |a slo | |
| 044 | |a SK | ||
| 245 | 1 | 0 | |a Kontrolované zahraničné spoločnosti v príkladoch |c Michal Kočiš |
| 520 | |a S účinnosťou od 1. januára 2022 bol do slovenského právneho poriadku zakotvený nový vecný a osobný rozsah pravidiel pre kontrolované zahraničné spoločnosti (režim kontrolovaných zahraničných spoločností vo všeobecnosti známy aj ako „CFC pravidlá"). Niektoré praktické aspekty uplatňovania CFC pravidiel so zameraním na režim uplatňujúci sa na fyzické a právnické osoby - slovenských daňových rezidentov. | ||
| 610 | 2 | 0 | |a dane z príjmov |
| 610 | 2 | 0 | |a spoločnosti |
| 610 | 2 | 0 | |a osoby fyzické |
| 610 | 2 | 0 | |a kontrola |
| 610 | 2 | 0 | |a osoby právnické |
| 610 | 2 | 0 | |a rezidenti |
| 610 | 2 | 0 | |a zákony |
| 100 | 1 | |a Kočiš, Michal | |